Investment management: Text problems and cases (Record no. 396968)

MARC details
000 -LEADER
fixed length control field 00541 a2200205 4500
005 - DATE & TIME
control field 20260406152348.0
008 - FIXED-LENGTH DATA ELEMENTS--GENERAL INFORMATION
fixed length control field 260406b |||||||| |||| 00| 0 eng d
020 ## - ISBN
International Standard Book Number 9789356748569
Price Rs. 825.00
040 ## - CATALOGING SOURCE
Original cataloging agency VIVEKANANDA LIBRARY
082 ## - DDC NUMBER
Classification number 332.6
Book Number M896I(2)
100 ## - MAIN ENTRY--PERSONAL NAME
Personal name Mukherjee, Subrata
245 ## - TITLE STATEMENT
Title Investment management: Text problems and cases
250 ## - EDITION STATEMENT
Edition statement 2nd
260 ## - PUBLICATION, DISTRIBUTION, ETC. (IMPRINT)
Name of publisher, distributor, etc Vikas Publishing House
Date of publication, distribution, etc 2024
Place of publication, distribution, etc Noida
300 ## - PHYSICAL DESCRIPTION
Pages xxii, 662
650 ## - Subject
Subject Economics
650 ## - Subject
Subject Financial Economics
650 ## - Subject
Subject Investments
942 ## - ADDED ENTRY ELEMENTS (KOHA)
Koha item type Books
Holdings
Withdrawn status Lost status Source of classification or shelving scheme Damaged status Not for loan Location (home branch) Sublocation or collection (holding branch) Shelving location Date acquired Koha issues (times borrowed) Koha full call number Accession No. Koha date last seen Koha item type
    Dewey Decimal Classification     VIVEKANANDA LIBRARY VIVEKANANDA LIBRARY IMSAR Library 27/03/2026   332.6 M896I(2) 420965 27/03/2026 Books
    Dewey Decimal Classification     VIVEKANANDA LIBRARY VIVEKANANDA LIBRARY IMSAR Library 27/03/2026   332.6 M896I(2) 420967 27/03/2026 Books
    Dewey Decimal Classification     VIVEKANANDA LIBRARY VIVEKANANDA LIBRARY IMSAR Library 27/03/2026   332.6 M896I(2) 420968 27/03/2026 Books
    Dewey Decimal Classification     VIVEKANANDA LIBRARY VIVEKANANDA LIBRARY IMSAR Library 27/03/2026   332.6 M896I(2) 420964 27/03/2026 Books
    Dewey Decimal Classification     VIVEKANANDA LIBRARY VIVEKANANDA LIBRARY IMSAR Library 27/03/2026   332.6 M896I(2) 420966 27/03/2026 Books
© Designed and Maintained by Vivekananda Library, MDU Rohtak